Datum a čas kvízu
31.5
Celkem bodů
Celkový počet nahraných bodů na tomto kvízu bez doplňovacích otázek.
6.
Pořadí na kvízu
Konečné umístění týmu na tomto kvízu.
Zaznamenané odpovědi
| # | Otázka | Odpověď | Body | Výsledky |
|---|---|---|---|---|
| 1. | Minulý týden bylo oznámeno, že... | kněz | 1 | |
| 2. | Předsednictví v Radě Evropské... | Maďarsko | 0 | |
| 3. | Jak se jmenuje či jak si říká... | Martin Mikyska / Mikýř | 1 | |
| 4. | Americký výrobce čipů prezentu... | Nvidia | 1 | |
| 5. | Naše talentovaná 24letá reprez... | plavání | 1 | |
| 6. | Jak se nazývá specializované o... | A | 0 | |
| 7. | Jak se jmenuje ovoce na obrázk... | kumquat (nagami nebo počeštěně kumkvat) | 1 | |
| 8. | Nyní nás bude zajímat čínský a... | kiwi | 0 | |
| 9. | Vypište z následující řady dva... | jackfruit, rambutan | 1 | |
| 10. | Níže jsou názvy tří odrůd jabl... | C | 1 |